Kluby które grały w lidze mistrzów w sezonie 2024/2025 - Statystyki

Ogólne statystyki
  • Ten quiz został rozwiązany 20 razy
  • Średni wynik to 29 z 35
Statystyki odpowiedzi
Obrazkowy Odpowiedź % Poprawnych
Barcelona
100%
Liverpool
100%
PSG
100%
Arsenal
95%
Aston Villa
95%
Borussia Dortmund
95%
Juventus
95%
Lille
95%
Manchester city
95%
Real Madryt
95%
Young Boys
95%
AC Milan
89%
AS Monaco
89%
Atalanta
89%
Atletico Madryt
89%
Club Brugge
89%
Feyenoord
89%
PSV
89%
Sporting
89%
Celtic
84%
Inter Mediolan
84%
Bayer Leverkusen
79%
Bologna
79%
Benfica Lizbona
74%
Dinamo Zagrzeb
74%
RB Lipsk
74%
Slovan Bratyslawa
74%
Crvena Zvezda
68%
Sparta Praga
68%
Stuttgart
68%
Szachtar Donieck
68%
Girona
63%
RB Salzburg
63%
Brest
58%
Sturm Graz
58%
Nie znaleziono quizów pasujących do podanych kryteriów
Rozkład punktacji
Procent ludzi z każdym wynikiem
Percentyl według liczby udzielonych odpowiedzi
Twoja historia wyników
Nie rozwiązałeś tego quizu